000 01013naa a2200253.c 4500
001 48758
999 _c48758
_d48758
003 ES-MaCES
005 20170118122212.0
008 170118s2016 sp ||||| t||||||| ||spa d
040 _aES-MaCES
_bspa
_cES-MaCES
_dES-MaCES
100 1 _917072
_aLousada Arochena, José Fernando
245 1 0 _aRegistro y control de la jornada de trabajo
_cJosé Fernando Lousada Arochena
500 _aResumen
650 4 _929205
_aordenamiento del tiempo de trabajo
650 4 _928335
_ahoras de trabajo
650 4 _930174
_aflexibilidad del trabajo
650 4 _929815
_atrabajador a tiempo parcial
650 4 _929918
_amecanismo de control
650 4 _927166
_alegislación del trabajo
653 1 0 _aRelaciones laborales-Empleo
773 0 _985664
_dMadrid (Ignacio Ellacuría, 3, 28017) Civitas
_o088562
_tNueva revista española de Derecho del trabajo
_w(ES-MaCES)25060
_gn. 192 (nov. 2016) {10040 R. 088562} ;p. 243-260
902 _aART Artículo de revista
942 _2CES
_cAR
_h2.0.